000 00548nam a2200181Ia 4500
001 43845
008 140425s9999 xx 000 0 und d
020 _a9780307394620
040 _cPK-LaUMT
082 _a 613.2
_bLAP-C
100 _aLa Puma, John
245 _aChef MD's big book of culinary medicine
_ba food lover's road map to losing weight, preventing disease, and getting really healthy
_cLa Puma, John
260 _aNew York,USA:
_bCrown Publishers, Inc.,
_c2008
300 _a300 p.
546 _aEN
650 _aCookery
942 _cBK
999 _c41845
_d41845